| 000 | 00708nam a2200229 i 4500 | ||
|---|---|---|---|
| 001 | 147997 | ||
| 003 | ES-MaACL | ||
| 005 | 20250828023342.0 | ||
| 007 | t| | ||
| 008 | 070214s1954 sp r ||||1| spa d | ||
| 100 | 1 |
_aSpock, Benjamin. _9107778 |
|
| 245 | 1 | 0 |
_aTu hijo / _cBenjamin Spock ; adaptación española por A. Ballabriga, J. Obiols ; traducción de A. Torra. |
| 260 |
_aBarcelona : _bDaimon, _c1954. |
||
| 300 |
_a502 p. ; _c21 cm. |
||
| 650 |
_aNiños- _xSalud e higiene. _915557 |
||
| 650 | 0 | 7 |
_aEducación de niños _2embne _912099 |
| 700 | 1 |
_aBallabriga, A. _924961 |
|
| 700 | 1 |
_aObiols, J. _986405 |
|
| 700 | 1 |
_aTorra, A. _9110700 |
|
| 852 |
_aES-MaACL _jC-5823 |
||
| 999 |
_c147997 _d147997 |
||